Loading...

O Hood Phillips` constitutional and administrative law

Bibliographic Details
Main Authors: Jackson, Paul, Phillips, O Hood
Format: Printed Book
Published: London, Sweet & Maxwell 1978
Edition:Ed.6
Subjects:
LEADER 005860000a22001930004500
020 |a 0-421-23980-8 
082 |a 349.241 L8;1 
100 |a Jackson, Paul 
100 |a Phillips, O Hood 
245 |a O Hood Phillips` constitutional and administrative law 
250 |a Ed.6 
260 |a London, Sweet & Maxwell 
260 |c 1978 
650 |a Administrative law 
650 |a Constitutional law 
650 |a Great Britain 
942 |c BK 
999 |c 7537  |d 7537 
952 |0 0  |1 0  |4 0  |6 349_241000000000000_L81  |7 0  |8 ENG  |9 7331  |a MGUL  |b MGUL  |d 2013-07-16  |l 0  |o 349.241 L8;1  |p 12423  |r 2019-03-26  |w 2013-07-16  |y BK